000
00287nam a2200145Ia 4500
100
_a
Wakerly/John F
250
_a
3
942
_c
BK
654
_a
digital
245
_a
Digital design
260
_b
Pearson Edu
_c
2002
082
_a
621.3815
_b
WAK
300
_a
946
546
_a
ENGLISH
999
_c
19861
_d
19861